[Event "SWE-ch U20"]
[Site "Skara"]
[Date "2002.07.08"]
[Round "8"]
[White "Semcesen, Daniel"]
[Black "Wallin, Denis"]
[Result "1-0"]
[WhiteElo "2097"]
[BlackElo "2125"]
[PlyCount "59"]
[EventDate "2002.06.30"]
[EventType "tourn"]
[EventRounds "13"]
[EventCountry "SWE"]
[SourceTitle "CBM 089 Extra"]
[Source "ChessBase"]
[SourceDate "2002.09.10"]
[SourceVersion "2"]
[SourceVersionDate "2002.09.10"]
[SourceQuality "1"]

1. e4 c5 2. Nf3 Nc6 3. c3 d5 4. exd5 Qxd5 5. d4 Bg4 6. Be2 e6 7. h3 Bh5 8. 0-0 Nf6 9. Be3 cxd4 10. cxd4 Be7 11. Nc3 Qd6 12. a3 0-0 13. Qb3 Rfd8 14. Rfd1 Nd5 15. Rac1 Nxc3 16. Rxc3 Qb8 17. d5 exd5 18. Rxd5 Rxd5 19. Qxd5 Bg6 20. Nd4 Nxd4 21. Bxd4 Qf4 22. Qxb7 Rb8 23. Qxa7 h6 24. Be3 Qe5 25. f4 Qd6 26. Bc5 Qxf4 27. Qxe7 Rxb2 28. Rf3 Qd2 29. Bf1 Kh7 30. Rf2 1-0